| 000 | 00371nam a2200133 a 4500 | ||
|---|---|---|---|
| 001 | 000031607 | ||
| 005 | 20200930063041.0 | ||
| 008 | 110628s1956 dr 000 0 spa d | ||
| 040 |
_aDO-SdBNP _bspa _cBNPHU |
||
| 245 | 0 | 0 | _aSarmiento en la Rep. Dominicana. |
| 260 |
_aCiudad Trujillo, República Dominicana : _b[s.n.], _c1956. |
||
| 300 |
_a14 p. ; _c22 cm. |
||
| 049 | _aBNPD | ||
| 999 |
_c31099 _d31099 |
||